El buscador de almas / (Registro nro. 37482)
[ vista simple ]
| 000 -CABECERA | |
|---|---|
| Longitud fija campo de control | 01219nam a2200313 a 4500 |
| 003 - • IDENTIFICADOR DELl NÚMERO DE CONTROL | |
| Identificador del número de control | CO-ViMGA |
| 005 - • FECHA Y HORA DE LA ÚLTIMA TRANSACCIÓN | |
| Fecha y hora de la última transacción | 20230915234237.0 |
| 008 - • CÓDIGOS DE INFORMACIÓN DE LONGITUD FIJA | |
| Códigos de información de longitud fija | 141119s2014 sp gr 0001j spa d |
| 020 ## - • NÚMERO INTERNACIONAL NORMALIZADO PARA LIBROS | |
| Número Internacional Normalizado para Libros (ISBN) | 9788415601524 |
| 040 ## - FUENTE DE LA CATALOGACIÓN | |
| Centro catalogador de origen | CO-ViMGA |
| Lengua de catalogación | spa |
| Centro transcriptor | CO-ViMGA |
| 041 1# - • CÓDIGO DE LENGUA | |
| Código de lengua original | ger |
| 043 ## - CÓDIGO DE ÁREA GEOGRÁFICA | |
| Código de área geográfica | e-gx--- |
| 082 04 - • NÚMERO DE LA CLASIFICACIÓN DECIMAL DEWEY | |
| Número de clasificación (R) | 833.91 |
| Número del ítem | G71b |
| Número de edición | 21 |
| 100 1# - • PUNTO DE ACCESO PRINCIPAL-NOMBRE DE PERSONA | |
| Nombre de persona | Groddeck, Georg Walther, |
| Fechas asociadas al nombre | 1866-1934. |
| 245 10 - • TITULO PROPIAMENTE DICHO | |
| Título | El buscador de almas / |
| Mención de responsabilidad, etc. | Georg Groddeck ; postfacio de Otto Jägersberg, Alfred Polgar, Sándor Ferenczi [y otros] ; traducción de Aníbal Campos. |
| 300 ## - • DESCRIPCIÓN FÍSICA | |
| Extensión | 422 páginas ; |
| Dimensiones | 23 cm. |
| 490 1# - • MENCIÓN DE SERIE | |
| Mención de serie | Narrativa |
| 534 ## - • Nota De Versión Original | |
| -- | Título original : |
| Título | Der seelensucher, ein psychoanalytischer roman. |
| 650 14 - • PUNTO DE ACCESO ADICIONAL DE MATERIA - TÉRMINO DE MATERIA | |
| Término de materia o nombre geográfico como elemento inicial | Novela alemana. |
| 650 14 - • PUNTO DE ACCESO ADICIONAL DE MATERIA - TÉRMINO DE MATERIA | |
| Término de materia o nombre geográfico como elemento inicial | Psicoanálisis |
| Subdivisión de forma | Novela. |
| 700 1# - • PUNTO DE ACCESO ADICIONAL - NOMBRE DE PERSONA | |
| Nombre de persona | Campos, José Aníbal, |
| Término indicativo de función | traductor. |
| 700 1# - • PUNTO DE ACCESO ADICIONAL - NOMBRE DE PERSONA | |
| Nombre de persona | Ferenczi, Sándor, |
| Fechas asociadas al nombre | 1873-1933, |
| Término indicativo de función | postfacio. |
| 700 1# - • PUNTO DE ACCESO ADICIONAL - NOMBRE DE PERSONA | |
| Nombre de persona | Freud, Sigmund, |
| Fechas asociadas al nombre | 1856-1939, |
| Término indicativo de función | postfacio. |
| 700 1# - • PUNTO DE ACCESO ADICIONAL - NOMBRE DE PERSONA | |
| Nombre de persona | Jägersberg, Otto, |
| Término indicativo de función | postfacio. |
| 700 1# - • PUNTO DE ACCESO ADICIONAL - NOMBRE DE PERSONA | |
| Nombre de persona | Polgar, Alfred, |
| Término indicativo de función | postfacio. |
| 700 1# - • PUNTO DE ACCESO ADICIONAL - NOMBRE DE PERSONA | |
| Nombre de persona | Rank, Otto, |
| Fechas asociadas al nombre | 1884-1939, |
| Término indicativo de función | postfacio. |
| 942 ## - ENTRADA DE ELEMENTOS AGREGADOS (KOHA) | |
| Fuente de clasificaión o esquema | Dewey Decimal Classification |
| Koha [por defecto] tipo de item | LIbro |
| Perdido | Fuente de clasificación o esquema | Estado Físico | No para préstamo | Forma de adquisición | Localización permanente | Localización actual | Fecha adquisición | Préstamos totales | Signatura completa | Código de barras | Fecha última consulta | Fecha último préstamo | Número de copia | Fecha del precio de reemplazo | Tipo de item de Koha |
|---|---|---|---|---|---|---|---|---|---|---|---|---|---|---|---|
| Dewey Decimal Classification | Sala General Segundo Piso | Biblioteca Pública Germán Arciniegas - Villavicencio | Biblioteca Pública Germán Arciniegas - Villavicencio | 09/20/2016 | 1 | 833.91 G71b | 31177 | 04/28/2018 | 04/18/2018 | Ej. 1 | 09/20/2016 | LIbro |